Normal Thing - Gracie Abrams (All Lyrics) - Statistics

General Stats
  • This quiz has been taken 4 times
  • The average score is 285 of 341
Answer Stats
Lyrics % Correct
a
100%
again
100%
all
100%
all,
100%
an
100%
and
100%
And
100%
are
100%
Are
100%
bars
100%
but
100%
But
100%
call
100%
changed
100%
close,
100%
comes
100%
cry
100%
did
100%
Don't
100%
don't
100%
end
100%
every
100%
fall
100%
favorite
100%
get
100%
Getting
100%
go
100%
good
100%
great,
100%
guess
100%
guy,
100%
how
100%
I
100%
I)
100%
(I
100%
I'll
100%
in
100%
it
100%
It's
100%
it's
100%
know
100%
know,
100%
know)
100%
life
100%
life,
100%
lights
100%
line
100%
love
100%
low
100%
make
100%
me
100%
movie
100%
my
100%
No
100%
normal
100%
not
100%
on
100%
one
100%
performing
100%
see
100%
show,
100%
spend
100%
stars
100%
that
100%
that's
100%
That's
100%
the
100%
there
100%
thing
100%
think
100%
to
100%
want
100%
was
100%
we
100%
were
100%
what
100%
When
100%
when
100%
with
100%
worry,
100%
ya
100%
ya,
100%
you
100%
You
100%
you'll
100%
your
100%
you're
100%
You're
100%
affair
50%
at
50%
become
50%
beginning
50%
can't
50%
couch,
50%
Couldn't
50%
didn't
50%
different
50%
else
50%
everything,
50%
feeling
50%
felt
50%
for
50%
goes,
50%
Had
50%
head?
50%
his
50%
impressed
50%
is
50%
Maybe
50%
more
50%
most
50%
notice
50%
noticed,
50%
of
50%
Oh,
50%
or
50%
our
50%
practice
50%
private
50%
quiet?
50%
rare,
50%
recommend
50%
red
50%
right
50%
screen,
50%
scripted
50%
so
50%
special,
50%
speeches
50%
stoned
50%
story
50%
swear
50%
than
50%
their
50%
there's
50%
this
50%
time,
50%
underwhelmed
50%
us
50%
ago
0%
'Cause
0%
cute
0%
even
0%
face
0%
have
0%
hoped,
0%
known,
0%
long
0%
looked
0%
(mm)
0%
(mm,
0%
now,
0%
over
0%
pacing
0%
plotline
0%
point,
0%
reeling
0%
remember
0%
saw
0%
should
0%
something
0%
times
0%
No matching quizzes found
Score Distribution
Percent of People with Each Score
Percentile by Number Answered
Your Score History
You have not taken this quiz